Loading...
Food Packaging and Preservation
| Main Author: | |
|---|---|
| Other Authors: | |
| Format: | Printed Book |
| Published: |
Maryland
Aspen
1999
|
| LEADER | 00512nam a22001457a 4500 | ||
|---|---|---|---|
| 020 | |a 0834213494 | ||
| 082 | |a 664.092 MAT/F | ||
| 100 | |a Mathlouthi, M. | ||
| 245 | |a Food Packaging and Preservation |c M.Mathlouthi, | ||
| 260 | |a Maryland |b Aspen |c 1999 | ||
| 300 | |a xvi, 275p. | ||
| 700 | |a M.Mathlouthi, | ||
| 942 | |2 ddc |c BK |k 664.092 | ||
| 999 | |c 281144 |d 281144 | ||
| 952 | |0 0 |1 0 |4 0 |6 664_092000000000000_MAT_F |7 0 |9 318730 |a SHS |b SHS |c ST1 |d 2011-03-18 |g 12388.58 |i 2058 |l 20 |m 1 |o 664.092 MAT/F |p SHS2058 |r 2020-02-17 |s 2019-10-01 |w 2011-03-18 |y BK | ||